Human Cognition. (Record no. 364)

MARC details
000 -LEADER
fixed length control field 00408nam a22001697a 4500
005 - DATE AND TIME OF LATEST TRANSACTION
control field 20160430105534.0
008 - FIXED-LENGTH DATA ELEMENTS--GENERAL INFORMATION
fixed length control field 160430b xxu||||| |||| 00| 0 eng d
020 ## - INTERNATIONAL STANDARD BOOK NUMBER
ISBN 07619-9249-9
041 ## - LANGUAGE CODE
Language code of text/sound track or separate title eng
082 ## - DEWEY DECIMAL CLASSIFICATION NUMBER
Item number 1014
100 ## - MAIN ENTRY--AUTHOR NAME
Personal name Singh Indrani Parsuram Raja
245 ## - TITLE STATEMENT
Title Human Cognition.
260 ## - PUBLICATION, DISTRIBUTION, ETC. (IMPRINT)
Place of publication New Delhi
Name of publisher Sage Publication,
Year of publication 1998
300 ## - PHYSICAL DESCRIPTION
Number of Pages 371
650 ## - SUBJECT ADDED ENTRY--TOPICAL TERM
Topical Term Management
942 ## - ADDED ENTRY ELEMENTS (KOHA)
Koha item type Books
Holdings
Lost status Damaged status Collection code Home library Current library Shelving location Date acquired Cost, normal purchase price Full call number Accession Number Koha item type
    LIFE SKILL JRU Library JRU Library SHELF-103-I 30/04/2016 670.00 1014 1014 Books
    LIFE SKILL JRU Library JRU Library SHELF-103-I 30/04/2016 670.00 1014 1015 Books